Eliminating health disparities (Record no. 28368)
[ view plain ]
| 000 -LEADER | |
|---|---|
| fixed length control field | 01812nam a2200385Ia 4500 |
| 082 04 - DEWEY DECIMAL CLASSIFICATION NUMBER | |
| Classification number | 362.1/0973 |
| 245 00 - TITLE STATEMENT | |
| Title | Eliminating health disparities |
| 260 ## - PUBLICATION, DISTRIBUTION, ETC. (IMPRINT) | |
| Place of publication | Washington, DC : |
| Name of publisher | National Academies Press, |
| Year of publication | c2004. |
| 300 ## - PHYSICAL DESCRIPTION | |
| Number of Pages | xiii, 294 p. : |
| Other physical details | ill. |
| 650 #0 - SUBJECT ADDED ENTRY--TOPICAL TERM | |
| Topical Term | Social medicine |
| Topical Term | Health status indicators |
| Topical Term | Social indicators |
| Topical Term | Economic indicators |
| Topical Term | Medical care |
| Topical Term | Health services accessibility |
| Topical Term | Minorities |
| Topical Term | Ethnic groups |
| 700 1# - ADDED ENTRY--PERSONAL NAME | |
| Personal name | Ver Ploeg, Michele. |
| Personal name | Perrin, Edward. |
| 856 40 - ELECTRONIC LOCATION AND ACCESS | |
| Uniform Resource Identifier | http://site.ebrary.com/lib/rucke/Doc?id=10068423 |
No items available.
